Culture Générale - Série 1734 - Statistiques

Statistiques générales
  • Ce quiz a été pris 160 fois
  • Le résultat moyen est 4 sur 10
Statistiques - réponses
Question Réponse % Correct
Quel président est enterré à Colombey-les-Deux-Églises ? Charles de Gaulle
94%
Quelle actrice française est la grand-mère de Benjamin Castaldi ? Simone Signoret
67%
Quel était le plus grand des navires de la première traversée de l'Atlantique de Christophe Colomb ? Santa Maria
56%
Quel était le surom de l'aviateur allemand Manfred von Richthofen, lors de la 1ère guerre mondiale ? baron rouge
50%
Quel roi Jeanne d'Arc a-t-elle fait sacrer à Reims ? Charles VII
46%
Quel roi de France aurait eu pour berceau une simple carapace de tortue ? Henri IV
42%
Quelle est la plus ancienne monarchie du monde ? Japon
27%
Quel était le surnom de William H. Bonney ? Billy the Kid
18%
Quel était le slogan de Nicolas Sarkozy lors de l'élection présidentielle de 2012 ? la France forte
5%
Quel était le nom du module lunaire dans lequel ont embarqué Neil Armstrong et Buzz Aldrin pour se poser sur la Lune en 1969 ? Eagle
1%
Aucun quiz correspondant
Distribution des résultats
% des personnes avec chaque résultat
Percentile par nombre de réponses
Votre historique - résultats
Vous n’avez pas pris ce quiz